01001nam a2200301 a 4500001001000000003000900010005001700019007000300036008004100039020001800080040002500098082002900123100003200152245003000184264004200214300002800256336002700284337003500311338003000346500005700376590002600433650002300459650002700482910004000509942001200549952012300561999001500684000007331DO-SdBPM20260302121908.0ta090908s2008 dr 000 j spa d a9789945162318 aDO-SdBPMbspacBPMSU04aRD863.44bR457p 20082221 aReyes, Freddyeautor 4aut.13aEl paseo /cFreddy Reyes. aSanto Domingo :bEditora Buho,c2008. a286 páginas ;c23 cm. atextobtxt2rdacontent asin mediación bn2rdamedia  avolumen bnc2rdacarrier  aIncluye datos biográficos del autor en las solapas aInventariado, 2026/VM 7aNovela dominicana  7aLiteratura dominicana  aVMateo V. Control de calidad BPMSU  2ddccBK 00102ddc708CDaBPMETbBPMETd2015-08-05l0oBPMSU CD RD863.44 R457p 2008pBPMSU15080055r2015-08-05w2015-08-05yBK c8071d8071